000 00378nam a2200157 a 4500
005 20140414132136.0
008 131210s19uu xx 00 eng d
020 _a9781848995396
050 _aTR
_bOpp62 2010
245 _aOpposites.
260 _aChina :
_bMake Believe Ideas,
_cc2010.
300 _a14
440 _aMix and Match
650 _aOpposites-
999 _c115316
_d115316